000 00309nam a22001457a 4500
008 230901b ||||| |||| 00| 0 eng d
020 _a0684167255
041 _aeng
080 _a521
082 _a521CUL
100 _a19
101 _aASTRO
245 _aX-RAY ASTRONOMY
_cCULHANE.L.J
942 _2udc
_cBK
999 _c60249
_d60249